| 000 | 00461nam a2200181 a 4500 | ||
|---|---|---|---|
| 001 | 5864 | ||
| 003 | CDMR | ||
| 005 | 20131025134955.0 | ||
| 008 | 130220s1975||||||||||||||||||||||||||||d | ||
| 020 | _a2234000793 | ||
| 040 |
_aCDMR _bcat _cCDMR |
||
| 100 | 1 |
_aLamy, Jean-Claude _92890 |
|
| 245 | 1 | 0 |
_aPierre Lazareff, à la une _cJean-Claude Lamy |
| 260 |
_aParis _bStock _c1975 |
||
| 300 |
_a342 p. ; _c20 cm |
||
| 490 | 0 | _aLes Grands Journalistes | |
| 942 |
_cMON _2udc |
||
| 999 |
_c5864 _d5864 |
||